|
|
|
|
| LEADER |
00000cam a2200000 7i4500 |
| 001 |
0000032762 |
| 005 |
20220105104057.0 |
| 008 |
120625 |
| 020 |
|
|
|a 9676120804 (Set)
|
| 020 |
|
|
|a 9676120845
|
| 090 |
0 |
0 |
|a JP
|b EDU ENG
|
| 100 |
1 |
|
|a Twist, Clint
|
| 245 |
1 |
0 |
|a Force and motion :
|b what makes stuff move?
|c by Clint Twist
|
| 260 |
|
|
|a KL :
|b Utusan Pub & Dis ,
|c 2005
|
| 440 |
|
|
|a Check it out!
|
| 500 |
|
|
|a Children age 4-6 years old (yellow)
|
| 650 |
|
0 |
|a Readers
|x Force and energy
|
| 999 |
|
|
|a 0001138211
|b Book
|c Children Collection
|e Cawangan Mersing
|
| 999 |
|
|
|a 0001138212
|b Book
|c Children Collection
|e Perbadanan Perpustakaan Awam Johor
|
| 999 |
|
|
|a 0001138213
|b Book
|c Children Collection
|e Cawangan Bandar Tenggara
|
| 999 |
|
|
|a 0001138214
|b Book
|c Children Collection
|e Cawangan Pontian
|
| 999 |
|
|
|a 0001138215
|b Book
|c Children Collection
|e Cawangan Pontian
|